000 00503nam a2200181Ia 4500
005 20250326143701.0
008 250326s9999 xx 000 0 und d
037 _aTextbook
040 _aFMSL
_beng
_cFMSL
041 _aeng
_2eng
084 _aX.44 P1
_qFMSL
100 _aKapila Uma
245 0 _aIndia's economy in the 21st century
_cKapila Uma
260 _aNew Delhi
_bNew Delhi, Academic Foundation
_c2001
300 _a440p
942 _cTB
_hX.44 P1
999 _c1300576
_d1300576